000
00406cam a2200181ua 4500
020
_c
Rs. 35.00
041
_a
eng
_h
082
_a
530
_b
NOA/NE
100
_a
Nokes, G R .
245
_a
New intermediate physics
260
_a
London :
_b
McMillon & Co Ltd ,
_c
1960.
300
_a
982 ; .
365
_a
Rs. 35.00
504
_a
942
_c
BK
999
_c
1549
_d
1549